[Event "AUT-ch U16"]
[Site "St Veit"]
[Date "2017.04.09"]
[Round "2"]
[White "Prato, Simon"]
[Black "Weissensteiner, Lukas"]
[Result "1-0"]
[WhiteElo "2065"]
[BlackElo "1877"]
[PlyCount "49"]
[EventDate "2017.04.09"]
[EventType "swiss"]
[EventRounds "7"]
[EventCountry "AUT"]
[SourceTitle "CBM 178 Extra"]
[Source "ChessBase"]
[SourceDate "2017.06.22"]
[SourceVersion "1"]
[SourceVersionDate "2017.06.22"]
[SourceQuality "1"]

1. e4 e5 2. Nf3 Nc6 3. Bb5 Nf6 4. d3 Bc5 5. 0-0 Nd4 6. Nxd4 Bxd4 7. c3 Bb6 8. Kh1 0-0 9. f4 d6 10. fxe5 Ng4 11. Qe1 c6 12. Ba4 Nxe5 13. Qg3 f5 14. Bb3+ Kh8 15. Bg5 Qe8 16. Nd2 h6 17. Bf4 fxe4 18. Nxe4 Nxd3 19. Bxh6 Rxf1+ 20. Rxf1 gxh6 21. Qxd3 d5 22. Nd6 Qe7 23. Nf7+ Kg7 24. Qg3+ Kf8 25. Nd6+ 1-0

[Event "Donau op 25th"]
[Site "Aschach"]
[Date "2016.12.27"]
[Round "3"]
[White "Prato, Simon"]
[Black "Jurek, Josef"]
[Result "1/2-1/2"]
[WhiteElo "2065"]
[BlackElo "2271"]
[PlyCount "41"]
[EventDate "2016.12.26"]
[EventType "swiss"]
[EventRounds "7"]
[EventCountry "AUT"]
[SourceTitle "CBM 176 Extra"]
[Source "ChessBase"]
[SourceDate "2017.03.02"]
[SourceVersion "1"]
[SourceVersionDate "2017.03.02"]
[SourceQuality "1"]

1. e4 c5 2. Nf3 e6 3. d4 cxd4 4. Nxd4 Nc6 5. Nc3 Qc7 6. Be3 Nf6 7. a3 a6 8. Be2 Be7 9. 0-0 0-0 10. f4 d6 11. Qe1 Nxd4 12. Bxd4 e5 13. fxe5 dxe5 14. Qg3 Bc5 15. Bxc5 Qxc5+ 16. Kh1 Kh8 17. Rxf6 gxf6 18. Qh4 Rg8 19. Qxf6+ Rg7 20. Qd8+ Rg8 21. Qf6+ 1/2-1/2

[Event "Steyr Landesliga 1617"]
[Site "Austria"]
[Date "2016.10.29"]
[Round "3.5"]
[White "Prato, Simon"]
[Black "Weiss, Leo"]
[Result "0-1"]
[WhiteElo "2079"]
[BlackElo "2120"]
[PlyCount "94"]
[EventDate "2016.10.01"]
[EventType "team-tourn"]
[EventRounds "11"]
[EventCountry "AUT"]
[SourceTitle "CBM 175 Extra"]
[Source "ChessBase"]
[SourceDate "2016.12.12"]
[SourceVersion "1"]
[SourceVersionDate "2016.12.12"]
[SourceQuality "1"]
[WhiteTeam "Schachfreunde"]
[BlackTeam "Leibnitz"]
[WhiteTeamCountry "AUT"]
[BlackTeamCountry "AUT"]

1. e4 e6 2. d3 d5 3. Nd2 c5 4. Ngf3 Nc6 5. g3 Nf6 6. Bg2 Be7 7. 0-0 0-0 8. e5 Nd7 9. Re1 b5 10. Nf1 Bb7 11. h4 a5 12. Bf4 b4 13. N1h2 a4 14. Ng5 Nd4 15. Qh5 h6 16. Nh3 Nf5 17. Qd1 Qb6 18. h5 d4 19. Nf1 Bxg2 20. Kxg2 c4 21. dxc4 Qc6+ 22. Kh2 Qxc4 23. Nd2 Qd5 24. g4 Nh4 25. f3 Nc5 26. Bg3 d3 27. Nf4 Qd4 28. Ne4 Qxb2 29. Nxd3 Nxd3 30. Qxd3 Rac8 31. Rec1 Rfd8 32. Qe2 b3 33. axb3 axb3 34. Rab1 Qa3 35. Nd6 b2 36. Rf1 Qb4 37. Kh3 Bxd6 38. exd6 g5 39. Be5 Rc3 40. Bxc3 Qxc3 41. Rfd1 Nxf3 42. Qd3 Qc6 43. Rxb2 Ne5 44. Qb3 Rxd6 45. Rbb1 Nxg4 46. Kxg4 Qg2+ 47. Qg3 f5# 0-1

[Event "EU Union-ch U14 14th"]
[Site "Mureck"]
[Date "2016.08.11"]
[Round "9"]
[White "Schulze, Lara"]
[Black "Prato, Simon"]
[Result "0-1"]
[WhiteElo "2019"]
[BlackElo "2000"]
[PlyCount "102"]
[EventDate "2016.08.03"]
[EventType "swiss"]
[EventRounds "9"]
[EventCountry "AUT"]
[SourceTitle "CBM 174 Extra"]
[Source "ChessBase"]
[SourceDate "2016.10.10"]
[SourceVersion "1"]
[SourceVersionDate "2016.10.10"]
[SourceQuality "1"]

1. e4 c5 2. Nf3 e6 3. d4 cxd4 4. Nxd4 Nc6 5. Nc3 Qc7 6. g3 a6 7. Bg2 Nf6 8. 0-0 Bc5 9. Nxc6 bxc6 10. Re1 e5 11. Na4 Be7 12. c4 d6 13. b3 0-0 14. Ba3 Be6 15. Qd2 Rfd8 16. Bb4 a5 17. Bc3 h6 18. Qb2 Rdb8 19. Qd2 Nh7 20. f4 Rd8 21. Qb2 Bf6 22. f5 Bc8 23. Qf2 Bb7 24. Rad1 Bg5 25. h4 Be7 26. Qb6 Qc8 27. Qf2 Qc7 28. Qb6 Qc8 29. Qf2 Ra6 30. c5 Nf6 31. Bf1 Ng4 32. Qf3 h5 33. Bxa6 Bxa6 34. Bxa5 d5 35. Bxd8 Qxd8 36. exd5 cxd5 37. Rxd5 Qa5 38. Qc3 Qb5 39. Rdd1 Bb7 40. c6 Bxc6 41. Rc1 Bb7 42. Qc4 Qd7 43. Rc2 e4 44. Rce2 Qd6 45. Re3 Bxh4 46. Qb5 Bxg3 47. R1e2 Qf4 48. Qe8+ Kh7 49. Rxg3 Qxg3+ 50. Kf1 Ba6 51. Qxe4 Nh2# 0-1

[Event "EU Union-ch U14 14th"]
[Site "Mureck"]
[Date "2016.08.10"]
[Round "8"]
[White "Melaugh, Gavin"]
[Black "Prato, Simon"]
[Result "0-1"]
[WhiteElo "1646"]
[BlackElo "2000"]
[PlyCount "79"]
[EventDate "2016.08.03"]
[EventType "swiss"]
[EventRounds "9"]
[EventCountry "AUT"]
[SourceTitle "CBM 174 Extra"]
[Source "ChessBase"]
[SourceDate "2016.10.10"]
[SourceVersion "1"]
[SourceVersionDate "2016.10.10"]
[SourceQuality "1"]

1. c4 c5 2. g3 g6 3. Bg2 Bg7 4. Nc3 Nc6 5. e4 d6 6. Nge2 Nf6 7. d3 0-0 8. 0-0 Ne8 9. f4 f5 10. Rb1 Nc7 11. Be3 Ne6 12. a3 a5 13. Nd5 Ned4 14. Nxd4 cxd4 15. exf5 dxe3 16. fxg6 hxg6 17. Nxe3 Qb6 18. Qd2 Nd4 19. Nd5 Nf3+ 20. Kh1 Nxd2 21. Nxb6 Ra7 22. Nd5 e6 23. Ne7+ Kf7 24. Nxc8 Rxc8 25. Rfe1 Nxb1 26. Rxb1 b6 27. b3 a4 28. b4 Rac7 29. b5 d5 30. Bf1 dxc4 31. dxc4 Rd8 32. Rb4 Ra7 33. Rb1 Bd4 34. h4 Bc5 35. Ra1 Rd2 36. Re1 Bxa3 37. Bh3 Rd6 38. Re5 Bb2 39. Rg5 a3 40. h5 0-1

[Event "EU Union-ch U14 14th"]
[Site "Mureck"]
[Date "2016.08.09"]
[Round "7"]
[White "Prato, Simon"]
[Black "O'Gorman, Tom"]
[Result "0-1"]
[WhiteElo "2000"]
[BlackElo "2130"]
[PlyCount "54"]
[EventDate "2016.08.03"]
[EventType "swiss"]
[EventRounds "9"]
[EventCountry "AUT"]
[SourceTitle "CBM 174 Extra"]
[Source "ChessBase"]
[SourceDate "2016.10.10"]
[SourceVersion "1"]
[SourceVersionDate "2016.10.10"]
[SourceQuality "1"]

1. e4 c5 2. Nf3 d6 3. c3 Nf6 4. g3 Nc6 5. d3 g6 6. Bg2 Bg7 7. 0-0 0-0 8. Re1 e5 9. a3 b5 10. b4 Be6 11. Nbd2 h6 12. Nf1 Qd7 13. Ne3 Rfd8 14. a4 a6 15. Ba3 Rac8 16. Rc1 cxb4 17. cxb4 Ng4 18. axb5 axb5 19. Qd2 Nxe3 20. fxe3 d5 21. Red1 dxe4 22. dxe4 Qa7 23. Qc3 Rxd1+ 24. Rxd1 Nd4 25. Qb2 Nxf3+ 26. Bxf3 Qxe3+ 27. Kg2 Rc3 0-1

[Event "EU Union-ch U14 14th"]
[Site "Mureck"]
[Date "2016.08.07"]
[Round "5"]
[White "Prato, Simon"]
[Black "Petrov, Anton"]
[Result "1-0"]
[WhiteElo "2000"]
[BlackElo "1836"]
[PlyCount "43"]
[EventDate "2016.08.03"]
[EventType "swiss"]
[EventRounds "9"]
[EventCountry "AUT"]
[SourceTitle "CBM 174 Extra"]
[Source "ChessBase"]
[SourceDate "2016.10.10"]
[SourceVersion "1"]
[SourceVersionDate "2016.10.10"]
[SourceQuality "1"]

1. e4 e6 2. d3 d5 3. Nd2 Nf6 4. Ngf3 dxe4 5. dxe4 Bc5 6. Bc4 0-0 7. 0-0 a6 8. Qe2 b5 9. Bd3 h6 10. e5 Nd5 11. Qe4 f5 12. exf6 Nxf6 13. Qxa8 Bd7 14. Ne5 Ng4 15. Qe4 Nf6 16. Qh4 Nc6 17. Nxd7 Qxd7 18. Ne4 Be7 19. Nxf6+ Bxf6 20. Qe4 Ne5 21. Qh7+ Kf7 22. Be2 1-0

[Event "EU Union-ch U14 14th"]
[Site "Mureck"]
[Date "2016.08.06"]
[Round "4"]
[White "Urwyler, Nikash"]
[Black "Prato, Simon"]
[Result "0-1"]
[WhiteElo "1733"]
[BlackElo "2000"]
[PlyCount "64"]
[EventDate "2016.08.03"]
[EventType "swiss"]
[EventRounds "9"]
[EventCountry "AUT"]
[SourceTitle "CBM 174 Extra"]
[Source "ChessBase"]
[SourceDate "2016.10.10"]
[SourceVersion "1"]
[SourceVersionDate "2016.10.10"]
[SourceQuality "1"]

1. e4 c5 2. Nf3 e6 3. d4 cxd4 4. Nxd4 Nc6 5. Nc3 Qc7 6. f4 d6 7. Be3 Nf6 8. Be2 Be7 9. Qd2 a6 10. a4 0-0 11. 0-0 Nxd4 12. Qxd4 e5 13. Qb6 Qxb6 14. Bxb6 exf4 15. Rxf4 Be6 16. Rd1 Rac8 17. h3 Nd7 18. Ba5 Ne5 19. Rff1 Bc4 20. Bxc4 Nxc4 21. Nd5 Bg5 22. Bc3 Rfe8 23. Rfe1 Bh4 24. Re2 f5 25. b3 Nb6 26. Nxb6 Rxc3 27. Rxd6 Rxe4 28. Rxe4 fxe4 29. Re6 Rxc2 30. g4 e3 31. Nd5 e2 32. Nb4 Rc1+ 0-1